000 00457nam a2200157 a 4500
001 000034889
005 20200930073951.0
008 111021s2004 pn 000 0 spa d
040 _aDO-SdBNP
_bspa
_cBNPHU
082 _aXXXX
100 1 _aFábrega, Virginia
_924822
245 1 0 _aPoesía festiva de Panama y Colombia siglos XIX y XX /
_cVirginia Fábrega.
250 _a2a ed.
260 _a[Panama] :
_bDutigrafí,
_c[198u]?
300 _a200 p. : ;
_c23 cm.
999 _c34380
_d34380